[Event "XXXVII Abierto Internacional "]
[Site "Sevilla (SPAIN)"]
[Date "2012.01.14"]
[Round "8"]
[White "Gonzalez Galvan, Juan Manuel"]
[Black "Komljenovic, Davorin"]
[Result "1-0"]
[WhiteElo "2214"]
[BlackElo "2457"]
[Annotator "Montecatine,R"]
[PlyCount "63"]
[EventDate "2012.01.07"]
[SourceDate "2012.01.07"]

1. e4 c5 2. Nc3 Nc6 3. Bb5 g6 4. Bxc6 bxc6 5. f4 Bg7 6. d3 d6 7. Nf3 Nf6 8. O-O
O-O 9. Qe1 Ne8 10. f5 gxf5 11. Qh4 f6 12. Bh6 (12. Bd2 Rb8 13. b3 e5 14. g3 Nc7
15. Rf2 Nb5 16. Raf1 Nxc3 17. Bxc3 fxe4 18. dxe4 Qd7 19. Rd1 d5 20. Bb2 Qe6 21.
Ba3 Rb5 22. exd5 cxd5 23. Qa4 Qb6 24. Rxd5 Ra5 25. Qc4 Ba6 26. Qg4 f5 27. Qg5
Rxa3 28. Nxe5 Qh6 29. Qe7 Rxa2 30. Rd7 Ra1+ 31. Kg2 Re1 32. Rd8 Bxe5 33. Rxf8+
Qxf8 34. Qe6+ Qf7 35. Qxa6 Bd4 36. Qc8+ Re8 37. Qxf5 Bxf2 {
0-1 (37) Zinn,L-Rodriguez Gonzales,J/Havana 1968}) 12... Bxh6 (12... fxe4 $5
13. Nxe4 Qb6 14. b3 d5) 13. Qxh6 Ng7 14. Rae1 e5 15. Nh4 f4 $15 16. g3 fxg3 (
16... Rb8) 17. Re3 $13 {Diagrama #} f5 $6 (17... gxh2+ 18. Kxh2 Rb8 19. b3) 18.
exf5 $6 (18. Rxg3 Qf6 19. Qxf6 Rxf6 20. Nxf5 Bxf5 21. exf5 d5 22. Na4 c4 23.
dxc4 Kf7 24. cxd5 cxd5 25. Nc3 Rd8 26. Rd3 d4 27. Ne4 Rxf5 28. Ra3 $14) 18...
Qf6 (18... gxh2+ $5 19. Kxh2 Qf6 20. Qxf6 Rxf6 $15) 19. Qxf6 Rxf6 $2 (19...
gxh2+ 20. Kxh2 (20. Kh1 Rxf6 21. Ne4 Rh6 22. f6 Rxh4 23. fxg7 Be6 $15) 20...
Rxf6 $15) 20. Ne4 $6 (20. hxg3 $16) 20... gxh2+ 21. Kh1 Rh6 22. f6 Rxh4 23.
Nxd6 {Diagrama #} (23. fxg7 Be6 24. Ref3 Kxg7 25. Nxd6 $15) 23... Nh5 $6 (23...
Ne6 24. f7+ Kf8 25. Rg3 Rf4 26. Rxf4 exf4 27. Rg8+ Ke7 28. Rxc8 Rxc8 29. Nxc8+
Kxf7 30. Nxa7 Ke7 31. Nxc6+ Kd6 32. Na5 Nd4 33. Nc4+ $11) 24. f7+ $16 Kf8 25.
Rxe5 Ng3+ 26. Kg2 Nxf1 $2 (26... Rf4 27. Kxg3 Rxf1 28. Re8+ Kg7 29. Rg8+ Kh6
30. Kxh2 $16) 27. Re8+ Kg7 28. f8=Q+ Kg6 29. Qf7+ Kg5 30. Rg8+ Kh6 31. Qf6+ Kh5
32. Qg5# 1-0

[Event "XXXVII Abierto Internacional "]
[Site "Sevilla (SPAIN)"]
[Date "2012.01.14"]
[Round "8"]
[White "Teran Alvarez, Ismael"]
[Black "Barrantes Munoz, Hugo Pedro"]
[Result "1/2-1/2"]
[WhiteElo "2422"]
[BlackElo "2211"]
[Annotator "Montecatine,R"]
[PlyCount "41"]
[EventDate "2012.01.07"]
[SourceDate "2012.01.07"]

1. d4 d5 2. c4 e6 3. Nf3 Nf6 4. Bg5 Be7 5. Nc3 h6 6. Bh4 O-O 7. e3 Ne4 8. Bxe7
Qxe7 9. Rc1 c6 10. Qc2 Nd7 11. Bd3 Nxc3 12. Qxc3 dxc4 13. Bxc4 b6 14. O-O Bb7
15. Rfd1 c5 16. Be2 Rfd8 17. Qa3 a5 18. Qa4 (18. Ne1 e5 19. Bf3 Bxf3 20. Nxf3
e4 21. Nd2 b5 22. Nb3 b4 23. Qa4 Rdc8 24. Nxc5 Nxc5 25. dxc5 Rxc5 26. Rxc5 Qxc5
27. g3 Qf5 28. Qd7 Qxd7 29. Rxd7 Rc8 30. Rd5 Rc2 31. Rxa5 Rxb2 32. h4 g6 33. g4
Kg7 34. Kg2 Kf6 35. Kg3 Ke6 36. a3 b3 37. Rb5 Kd6 38. g5 hxg5 39. hxg5 Kc6 40.
Rb4 Kc5 41. Kg2 Rb1 42. Kg3 Rb2 43. Kg2 {
1/2-1/2 (43) Seirawan,Y (2625)-Timman,J (2590)/Amsterdam 1995}) 18... Bd5 19.
b3 e5 20. dxc5 (20. dxe5 Nxe5 $11) 20... Nxc5 21. Qb5 $15 {Diagrama #} (21. Qg4
Be6 22. Qh5 $11) 1/2-1/2

[Event "XXXVII Abierto Internacional "]
[Site "Sevilla (SPAIN)"]
[Date "2012.01.14"]
[Round "8"]
[White "Gallardo Fernandez, Cesar"]
[Black "Bykov, Alexey"]
[Result "0-1"]
[WhiteElo "2209"]
[BlackElo "2337"]
[Annotator "Montecatine,R"]
[PlyCount "62"]
[EventDate "2012.01.07"]
[SourceDate "2012.01.07"]

1. e4 e5 2. Nf3 Nc6 3. c3 Nf6 4. d3 d5 5. Nbd2 a5 6. Be2 g6 7. b3 Bg7 8. Ba3
Nh5 9. O-O Nf4 10. Re1 Bg4 11. Bf1 d4 12. Qc2 (12. cxd4 Nxd4 13. h3 Nxf3+ 14.
Nxf3 Bxf3 15. Qxf3 $11) 12... Ne6 13. h3 Bxf3 14. Nxf3 Bf8 {Diagrama #} 15.
Bxf8 (15. Bb2 Bc5 16. a3) 15... Kxf8 $15 16. Qd2 Kg7 17. Rac1 Qd6 18. cxd4
Ncxd4 19. Nxd4 Qxd4 20. Rc4 Qd6 21. Qc3 c5 22. Qc1 b5 $17 23. Rc2 a4 24. d4
Nxd4 25. Rxc5 axb3 26. Rd5 Qf6 27. axb3 Rhc8 $19 28. Rc5 $6 (28. Qd2) 28...
Rxc5 29. Qxc5 Ra2 30. f3 Rc2 31. Qd5 Qf4 0-1

[Event "XXXVII Abierto Internacional "]
[Site "Sevilla (SPAIN)"]
[Date "2012.01.14"]
[Round "8"]
[White "Burgos Figueroa, Carlos E"]
[Black "Arjun, Bharat"]
[Result "0-1"]
[WhiteElo "2289"]
[BlackElo "2194"]
[Annotator "Montecatine,R"]
[PlyCount "72"]
[EventDate "2012.01.07"]
[SourceDate "2012.01.07"]

1. e4 c6 2. d4 d5 3. Nd2 dxe4 4. Nxe4 Bf5 5. Ng3 Bg6 6. h4 h6 7. Nf3 Nd7 8. h5
Bh7 9. Bd3 Bxd3 10. Qxd3 e6 11. Bf4 Qa5+ 12. Bd2 Bb4 13. c3 Be7 14. Ne4 Ngf6
15. c4 Qc7 16. Nc3 a6 (16... Ng4 17. g3 Rd8 18. Qe2 Nb6 19. O-O-O Nxc4 20. Ne1
Rxd4 21. Nc2 Qb6 22. Na4 Rxd2 23. Rxd2 Qb5 24. Qxg4 Nxd2 25. Qxg7 Rf8 26. Nc3
Qd3 27. Rd1 Qf3 28. Rxd2 Bg5 29. Ne3 Bxe3 30. fxe3 Qxe3 31. Qf6 Qg5 32. Qd4 Qe7
33. Ne4 Qc7 34. Nf6+ Ke7 35. Qh4 {
1-0 (35) Haskaj,F-Knudsen,M (1946)/Kallithea 2008}) 17. O-O-O b5 18. c5 Rd8 19.
Qe2 b4 20. Ne4 Nxe4 21. Qxe4 a5 22. Bf4 Qb7 23. Ne5 Nxe5 24. Bxe5 Bf6 25. Bxf6
gxf6 26. f4 (26. Qf4 f5 27. Rhe1 $14) 26... Rd5 27. g4 f5 28. gxf5 Rxf5 29.
Rde1 Kd7 30. Rhg1 Kc8 31. Rg7 Rd8 32. Rh7 Rxh5 {Diagrama #} 33. Rxf7 $2 Qxf7
34. Qxc6+ Qc7 35. Qa6+ Kb8 36. Rxe6 Qxf4+ 0-1

[Event "XXXVII Abierto Internacional "]
[Site "Sevilla (SPAIN)"]
[Date "2012.01.14"]
[Round "8"]
[White "Santos Ruiz, Miguel"]
[Black "Munoz Martin, Pablo"]
[Result "0-1"]
[WhiteElo "1961"]
[BlackElo "2243"]
[Annotator "Montecatine,R"]
[PlyCount "66"]
[EventDate "2012.01.07"]
[SourceDate "2012.01.07"]

1. e4 c5 2. Nf3 Nc6 3. Bb5 g6 4. Bxc6 dxc6 5. d3 Bg7 6. h3 Nh6 7. Nc3 f6 8. Be3
b6 9. Qd2 Nf7 10. O-O e5 11. a3 O-O 12. b4 cxb4 13. axb4 Nd6 14. Na4 Rb8 15. c4
Be6 16. Rfc1 f5 17. Bg5 Qd7 {Diagrama #} 18. c5 (18. Bh6) (18. Nc3) 18... fxe4
$15 19. Ne1 (19. dxe4 Nxe4 20. Qxd7 Bxd7 21. cxb6 axb6 22. Be3 b5 $15) (19.
cxd6 exf3 20. Be7 Rf7 $19) 19... Nf5 $17 20. dxe4 Qxd2 21. Bxd2 Nd4 22. Rc3 (
22. Rd1) 22... Ne2+ 23. Kf1 Nxc3 24. Bxc3 Rf4 25. f3 Rf7 26. Kf2 Rd7 27. Ke3
Bc4 28. Nb2 Bb5 29. g3 Rbd8 30. Ra3 bxc5 31. bxc5 Bf8 32. Bb4 Rd4 33. Ned3 Rxb4
0-1

[Event "XXXVII Abierto Internacional "]
[Site "Sevilla (SPAIN)"]
[Date "2012.01.14"]
[Round "8"]
[White "Saric, Kristina"]
[Black "Fernandez-Martos Machado, Eduar"]
[Result "0-1"]
[WhiteElo "2235"]
[BlackElo "2133"]
[Annotator "Montecatine,R"]
[PlyCount "62"]
[EventDate "2012.01.07"]
[SourceDate "2012.01.07"]

1. e4 e5 2. Nf3 Nc6 3. Bb5 a6 4. Ba4 Nf6 5. O-O Be7 6. Re1 b5 7. Bb3 d6 8. c3
O-O 9. h3 h6 10. d4 Re8 11. a4 Bd7 12. Nbd2 Bf8 13. axb5 axb5 14. Rxa8 Qxa8 15.
d5 Ne7 16. c4 (16. Nh2 Ng6 17. Ng4 Nxg4 18. hxg4 Qc8 19. f3 c6 20. dxc6 Qxc6
21. Nf1 Nf4 22. g3 Ne6 23. Bd5 Qc8 24. Qb3 Bc6 25. Ne3 Qb7 26. Rd1 Nc5 27. Qc2
Bxd5 28. Nxd5 Ra8 29. Be3 Ne6 30. Kg2 Nc7 31. Qb3 Nxd5 32. Rxd5 Rb8 33. Qb4 Qa6
34. Kf2 Qa4 35. Qxa4 bxa4 36. Bc1 Ra8 37. Ke2 Be7 38. Kd3 Kf8 39. Rb5 Ke8 40.
Kc2 Bd8 41. Rb7 Ra6 42. Kb1 Bb6 43. g5 hxg5 44. Bxg5 f6 45. Bd2 g5 46. Ka2 Bf2
47. g4 Bc5 48. c4 Rc6 49. Rb8+ Kd7 50. Ra8 Rc7 51. Rxa4 Ra7 52. Rxa7+ Bxa7 53.
Ba5 Bd4 54. b4 Kc8 55. Kb3 Be3 56. Ka4 Ba7 57. Kb5 Bb8 58. Kc6 {
1-0 (58) Rosen,W (2273)-Kotzem,E (1956)/Essen 2002}) 16... c6 17. dxc6 Bxc6 $6
(17... Qxc6) 18. cxb5 Bb7 $16 (18... Bxb5 19. Bxf7+ Kxf7 20. Qb3+ Ned5 21. Qxb5
Nf4 22. Qc4+ Kg6 23. Qc2 $16) 19. Qe2 (19. Bc4) 19... Ng6 20. g3 Rc8 21. Bc4 d5
22. exd5 Bb4 23. Rd1 Nxd5 {Diagrama #} 24. Nxe5 $2 (24. h4 $14) 24... Nxe5 25.
Bxd5 $6 (25. Qxe5 Bxd2 26. b3 Bxc1 27. Rxc1 Re8 $19) 25... Bxd5 26. Qxe5 Bxd2
27. Bxd2 Bh1 28. Kf1 Re8 29. Qxe8+ Qxe8 30. Be3 Qxb5+ 31. Ke1 Bf3 0-1

[Event "XXXVII Abierto Internacional "]
[Site "Sevilla (SPAIN)"]
[Date "2012.01.14"]
[Round "8"]
[White "Cornette, Matthieu"]
[Black "Delgado Serrano, Angel"]
[Result "1-0"]
[WhiteElo "2545"]
[BlackElo "2162"]
[Annotator "Montecatine,R"]
[PlyCount "95"]
[EventDate "2012.01.07"]
[SourceDate "2012.01.07"]

1. e4 c5 2. Nc3 Nc6 3. Bb5 Nd4 4. Bc4 a6 5. Nge2 b5 6. Bd5 Rb8 7. Nxd4 cxd4 8.
Ne2 Nf6 9. Nxd4 e6 10. Bb3 Nxe4 11. c3 Bb7 12. O-O Bd6 13. d3 Nc5 14. Bc2 O-O
15. f4 f5 (15... Qc7) 16. Be3 Qc7 17. Qd2 Rf6 (17... Rbe8) 18. b4 Na4 19. c4
$14 Rg6 20. Rf2 Ba8 21. c5 Be7 22. Bb3 Kh8 23. Nf3 Bf6 24. d4 Be4 25. Ng5 Bd5 (
25... Ba8) 26. Nf7+ $16 Kg8 27. Ne5 Rh6 28. Bxd5 exd5 29. Rc1 Be7 30. Qd3 Rf6
31. Rfc2 g6 32. Qb3 Qb7 33. c6 dxc6 34. Nxc6 Nb6 35. Nxb8 Qxb8 36. Re1 Re6 37.
Rce2 Re4 38. Bc1 {Diagrama #} Bf6 $2 (38... Nc4 $14) 39. Rxe4 fxe4 40. Rxe4 $18
Nc4 41. Re1 Bxd4+ 42. Kh1 Bg7 43. Qh3 Qd6 44. Qc8+ Kf7 45. Qe8+ Kf6 46. f5 gxf5
47. h4 f4 48. Bxf4 1-0

[Event "XXXVII Abierto Internacional "]
[Site "Sevilla (SPAIN)"]
[Date "2012.01.14"]
[Round "8"]
[White "Pogorelov, Ruslan"]
[Black "Urbina Perez, Juan Antonio"]
[Result "1-0"]
[WhiteElo "2415"]
[BlackElo "2210"]
[Annotator "Montecatine,R"]
[PlyCount "61"]
[EventDate "2012.01.07"]
[SourceDate "2012.01.07"]

1. Nf3 Nf6 2. c4 e6 3. Nc3 d5 4. d4 c6 5. e3 Nbd7 6. Qc2 b6 7. Bd3 Bb7 8. O-O
Bd6 9. e4 dxc4 10. Bxc4 b5 11. Be2 e5 12. dxe5 Nxe5 13. Nxe5 Bxe5 14. f4 $14
Bd4+ 15. Kh1 {Diagrama #} b4 $6 (15... a6) 16. e5 (16. Rd1 $16) 16... bxc3 17.
bxc3 (17. Rd1) 17... Bc5 18. exf6 Qxf6 19. Bd3 Rd8 (19... O-O-O) 20. Bb2 h5 21.
Rae1+ Kf8 22. Re5 Bd6 23. c4 Bxe5 24. fxe5 Qe7 25. Bg6 Rh6 26. Bxf7 Qxf7 27.
Ba3+ c5 (27... Kg8 28. Rxf7 Kxf7 29. Bd6 $16) 28. Bxc5+ Kg8 29. Rxf7 Kxf7 30.
Kg1 $18 Rc6 31. Bd6 1-0

[Event "XXXVII Abierto Internacional "]
[Site "Sevilla (SPAIN)"]
[Date "2012.01.14"]
[Round "8"]
[White "Mirzoev, Azer"]
[Black "Van Der Weide, Karel"]
[Result "1-0"]
[WhiteElo "2523"]
[BlackElo "2445"]
[Annotator "Montecatine,R"]
[PlyCount "83"]
[EventDate "2012.01.07"]
[SourceDate "2012.01.07"]

1. Nf3 Nf6 2. c4 g6 3. b4 Bg7 4. Bb2 O-O 5. e3 d6 6. d4 e5 7. dxe5 Nfd7 8. Qb3
dxe5 9. Nc3 a5 10. a3 axb4 11. axb4 Rxa1+ 12. Bxa1 b6 13. Be2 Bb7 14. O-O e4
15. Nd2 Nf6 16. Rd1 Qe7 17. Nb5 Nc6 18. c5 bxc5 19. bxc5 Bc8 $6 (19... Re8) 20.
Qa4 (20. Bxf6 Bxf6 21. Qd5 $14) 20... Bf5 (20... Re8) 21. h3 h5 22. Nb3 Rd8 23.
Rxd8+ Qxd8 24. N5d4 Nxd4 25. Nxd4 Qc8 (25... Bd7) 26. Qa7 $16 Nd5 27. Bc4 Ne7
28. Nxf5 gxf5 29. Bxg7 Kxg7 30. Qa1+ f6 31. Qd1 Qe8 32. h4 Kh6 33. Be6 Kg6 34.
Bd7 Qb8 35. c6 Kh6 36. Qd4 Kg6 37. Qc5 Qd8 38. Kh2 Kh6 39. Kg3 {Diagrama #} Qf8
$2 (39... Qg8+ 40. Kh3 Qg4+ 41. Kh2 Qxh4+ 42. Kg1 Ng6 43. Qxf5 Qg5 $16) 40. Kh3
$18 Qf7 41. Bxf5 Nd5 42. Kh2 1-0

[Event "XXXVII Abierto Internacional "]
[Site "Sevilla (SPAIN)"]
[Date "2012.01.14"]
[Round "8"]
[White "Svetushkin, Dmitry"]
[Black "Paunovic, Dragan"]
[Result "0-1"]
[WhiteElo "2598"]
[BlackElo "2520"]
[Annotator "Montecatine,R"]
[PlyCount "162"]
[EventDate "2012.01.07"]
[SourceDate "2012.01.07"]

1. d4 d6 2. e4 Nf6 3. f3 g6 4. c4 Bg7 5. Nc3 O-O 6. Nge2 c6 7. Be3 a6 8. c5
Nbd7 9. Nf4 dxc5 10. dxc5 Qc7 11. Qc1 (11. Nd3 Rd8 12. Qc2 Ne5 13. Nf2 Be6 14.
Qa4 a5 15. Be2 Nfd7 16. Qc2 a4 17. O-O Nc4 18. Bxc4 Bxc4 19. Rfd1 Qa5 20. Rac1
Be6 21. Nd3 Nf8 22. b3 axb3 23. axb3 Rd7 24. Kf2 Rad8 25. Nf4 Rxd1 26. Rxd1
Rxd1 27. Nxd1 Qa3 28. Nxe6 Nxe6 29. Qc4 Qa2+ 30. Kg3 Be5+ 31. Kh3 Bf4 32. Bxf4
Nxf4+ 33. Kg3 Qd2 34. Qf1 Ne2+ 35. Kg4 Qf4+ 36. Kh3 Qh6+ {
0-1 (36) Riazantsev,A (2629)-Novikov,S (2535)/Moscow 2007}) 11... Ne5 12. h4
Rd8 13. Be2 Nh5 14. Nxh5 gxh5 15. Kf2 Be6 16. Qc2 Bc4 17. Rad1 Bxe2 18. Nxe2
Ng6 19. g3 $14 Rxd1 20. Rxd1 Rd8 21. b3 Rd7 22. Rxd7 Qxd7 23. Qd2 Qxd2 24. Bxd2
Ne5 25. Nc1 e6 26. Ke2 Nd7 27. Nd3 Be5 28. Bf4 Bxf4 29. gxf4 Kg7 30. Ke3 Kf6
31. Kd4 Nf8 32. Ne1 Ng6 33. Ng2 a5 34. a4 Nf8 35. Ne3 Ng6 36. Nc4 (36. Ng2) (
36. e5+ Ke7 37. Ng2 $11) 36... Nxh4 37. Nxa5 Ng2 (37... Nxf3+ 38. Ke3 Ne1 39.
Nxb7 $16) 38. Nxb7 (38. Kd3 h4 39. Ke2 Nxf4+ 40. Kf1 h3 41. Kg1 $11) 38... h4
39. Nd6 h3 40. e5+ Ke7 41. Ne4 h2 42. Nf2 $6 (42. Ng3 $15) 42... Nxf4 43. Ke4
Nd5 44. f4 {Diagrama #} Nb4 $19 45. Nh1 Kd7 46. f5 Kc7 47. fxe6 fxe6 48. Kd4
Na6 49. Kc4 h5 50. b4 Kb7 51. b5 Nc7 52. Kb4 Nd5+ 53. Kc4 h4 54. Kd4 Ne7 55.
Ke4 Nf5 56. Kf3 Nd4+ 57. Kg4 Nxb5 58. Kxh4 Nc3 59. Kg3 Nxa4 60. Kxh2 Nxc5 61.
Nf2 Kb6 62. Nh3 Kb5 63. Nf4 Kc4 64. Kg3 Kd4 65. Ng6 Nd7 66. Kf2 c5 67. Ke1 Kd5
68. Kd2 Nxe5 69. Nf4+ Kd6 70. Kc3 Nd7 71. Kd3 Nb6 72. Ne2 Nd5 73. Kc4 Nb6+ 74.
Kb5 Nd7 75. Nc3 e5 76. Ne4+ Kd5 77. Nc3+ Kd4 78. Ne2+ Ke3 79. Ng3 Kd3 80. Nh1
e4 81. Nf2+ Kd4 0-1

[Event "XXXVII Abierto Internacional "]
[Site "Sevilla (SPAIN)"]
[Date "2012.01.14"]
[Round "8"]
[White "Fernandez Romero, Ernesto"]
[Black "Sengupta, Deep"]
[Result "1-0"]
[WhiteElo "2471"]
[BlackElo "2562"]
[Annotator "Montecatine,R"]
[PlyCount "71"]
[EventDate "2012.01.07"]
[SourceDate "2012.01.07"]

1. e4 e6 2. d4 d5 3. Nd2 Nf6 4. e5 Nfd7 5. c3 c5 6. Bd3 Nc6 7. Ne2 cxd4 8. cxd4
f6 9. Nf4 Nxd4 10. Qh5+ Ke7 11. exf6+ Nxf6 12. Ng6+ hxg6 13. Qxh8 Kf7 14. O-O
e5 15. Nb3 Nxb3 16. axb3 Bf5 17. Bxf5 gxf5 18. Bg5 Bc5 19. Qh3 Ke6 20. Rac1 Qb6
$14 (20... Bb6 21. Bxf6 Qxf6 22. Rc3 Rd8 23. Rg3 Kf7 24. Qh7 d4 25. h4 e4 26.
h5 Bc7 27. Rg6 Qe5 28. g3 {
1-0 (28) Horvath,T (2395)-Albrecht,R (2270)/Vienna 1996}) 21. Bxf6 gxf6 22. Kh1
Qb4 23. Rc3 Bb6 (23... b6) 24. Rg3 Rc8 25. Rg7 Qb5 {Diagrama #} 26. g4 $16 Kd6
27. gxf5 d4 28. Qg2 Qe2 29. Rg1 Rc6 30. Rf7 Kc5 31. Rxb7 Rd6 32. Rc1+ Kb4 33.
Rxb6+ Rxb6 34. Qd5 Qa6 35. Kg1 e4 36. Qxd4+ 1-0

[Event "XXXVII Abierto Internacional "]
[Site "Sevilla (SPAIN)"]
[Date "2012.01.14"]
[Round "8"]
[White "Lasinskas, Povilas"]
[Black "Melero Fidalgo, Juan De Dios"]
[Result "0-1"]
[WhiteElo "2138"]
[BlackElo "2251"]
[Annotator "Montecatine,R"]
[PlyCount "110"]
[EventDate "2012.01.07"]
[SourceDate "2012.01.07"]

1. d4 Nf6 2. Nf3 e6 3. c4 Bb4+ 4. Nbd2 b6 5. a3 Bxd2+ 6. Bxd2 h6 7. e3 Bb7 8.
Bd3 d6 9. Qc2 Nbd7 10. O-O O-O 11. b4 c5 12. dxc5 bxc5 13. Bc3 Re8 (13... Qe7
14. Nd2 Rfc8 15. Rfd1 d5 16. Qb2 Rab8 17. Bf1 Ba8 18. Rac1 e5 19. cxd5 Nxd5 20.
b5 Re8 21. Qc2 Rb6 22. a4 Rg6 23. g3 h5 24. Bg2 h4 25. Nc4 e4 26. Rd2 hxg3 27.
hxg3 Rh6 28. Na5 Nxc3 29. Qxc3 Ne5 30. Qxc5 Qf6 31. Qd4 Nf3+ {
0-1 (31) Riemersma,L (2395)-Rogers,I (2525)/Wijk aan Zee 1987}) 14. Rfd1 Qe7
15. Rd2 Rac8 16. Rad1 Bxf3 17. gxf3 cxb4 18. Bxb4 (18. axb4) 18... Nc5 $11 19.
Bf1 Red8 20. Qb2 Qc7 21. Qa2 (21. e4) 21... Rb8 22. Bc3 (22. Rb2) 22... Ne8 23.
Bg2 Rdc8 24. Bf1 Na4 25. Bd4 Qa5 26. Rd3 e5 27. Ba1 Nb6 28. Rb1 Rb7 29. Rdb3
Qc5 30. a4 Re7 31. Rb5 Qc6 32. e4 Nc7 33. a5 Nd7 34. Rb7 a6 35. Ra7 Ne6 36. Bc3
Rc7 37. Rxc7 Qxc7 38. Rb2 Ndc5 39. Rb6 Ng5 40. Bg2 Re6 41. Bd2 Rg6 42. Kf1 Qe7
43. Be3 Nge6 44. Rb8+ Kh7 45. Bh3 Rf6 {Diagrama #} 46. Ke2 $2 (46. Bf5+ g6 47.
Bxe6 Qxe6 48. Kg2 $11) 46... Nd4+ $19 47. Bxd4 exd4 48. Qb2 Qe5 49. Qb6 Rf4 50.
Kd1 Nxe4 51. Qb1 Rxf3 52. Bg2 Qf4 53. Rb2 f5 54. Ke1 Rxf2 55. Qa2 Qc1# 0-1

[Event "XXXVII Abierto Internacional "]
[Site "Sevilla (SPAIN)"]
[Date "2012.01.14"]
[Round "8"]
[White "Barrenechea Bahamonde, Gustavo"]
[Black "Burmakin, Vladimir"]
[Result "0-1"]
[WhiteElo "2228"]
[BlackElo "2593"]
[Annotator "Montecatine,R"]
[PlyCount "98"]
[EventDate "2012.01.07"]
[SourceDate "2012.01.07"]

1. e4 c6 2. Nc3 g6 3. d4 Bg7 4. Nf3 d6 5. a4 Nf6 6. h3 O-O 7. Be3 Nbd7 8. a5 d5
9. exd5 Nxd5 10. Nxd5 cxd5 11. Bd3 Nf6 12. O-O Bf5 13. Bxf5 gxf5 14. Bf4 e6 15.
c3 $14 Ne4 16. Qb3 Qe7 17. Ra4 f6 18. c4 $18 e5 19. Bc1 $6 (19. Be3 f4 20. Bc1)
19... dxc4 20. Rxc4 Kh8 (20... Qe6) 21. Rb4 Nd6 22. Re1 $16 Qc7 23. dxe5 fxe5
24. Ng5 Qe7 (24... Rf6) 25. Rh4 $18 h6 26. Nf3 Nf7 27. Rh5 Qf6 {Diagrama #} 28.
Qxb7 $2 (28. Nh4 $18) 28... Qg6 $15 29. Rh4 e4 30. Nh2 Bf6 31. Rf4 Bg5 $6 (
31... Ne5 $17) 32. h4 $11 Rfb8 33. Qd5 Bxf4 34. Bxf4 Re8 35. Qb7 a6 36. Rc1
Rad8 37. Rc6 Re6 38. Rc7 Rd1+ 39. Nf1 Qg4 $2 (39... Kg8) 40. Rc1 $2 (40. Bd2
$18) 40... Kg7 {Diagrama #} 41. f3 $2 (41. Rxd1 Qxd1 42. b4 $11) 41... Rxf1+
42. Rxf1 Qxf4 $19 43. Qb3 Qe5 44. fxe4 Qd4+ 45. Kh2 Rxe4 46. g3 Re2+ 47. Kh1
Qe4+ 48. Qf3 Ne5 49. Qxe4 fxe4 0-1

[Event "XXXVII Abierto Internacional "]
[Site "Sevilla (SPAIN)"]
[Date "2012.01.14"]
[Round "8"]
[White "Roy Chowdhury, Saptarshi"]
[Black "Blanco Perez, David"]
[Result "1-0"]
[WhiteElo "2414"]
[BlackElo "2126"]
[Annotator "Montecatine,R"]
[PlyCount "107"]
[EventDate "2012.01.07"]
[SourceDate "2012.01.07"]

1. e4 c5 2. Nc3 d6 3. f4 Nc6 4. Nf3 Bg4 5. Bb5 a6 6. Bxc6+ bxc6 7. O-O e6 8. d3
Be7 9. h3 Bxf3 10. Qxf3 Nf6 11. e5 Nd5 12. Ne4 O-O 13. c4 Nb4 14. exd6 Bxd6 15.
Qe2 Be7 16. Rd1 a5 17. Be3 Na6 18. Kh1 Qb6 19. Rd2 Rad8 20. Rf1 f5 21. Nc3 Bf6
22. Qd1 Qa7 23. Re1 Rd6 24. a3 Rfd8 25. Qe2 Qd7 26. Red1 Re8 27. Qf2 Bd4 28.
Ne2 Nc7 29. Re1 e5 30. fxe5 Rxe5 (30... Bxe5 $11) 31. Bxd4 cxd4 32. Nf4 $14
Rxe1+ 33. Qxe1 {Diagrama #} Ne6 (33... g5 34. Qg3 h6 35. c5 Rf6 $14) 34. c5 $16
Nxc5 35. Re2 Rf6 36. Qxa5 (36. b4 axb4 37. axb4 Na6 38. Nh5 Rf7 39. Re8+ Rf8
40. Re7 $16) 36... Nb7 37. Qa6 h6 38. Qc4+ Kh7 39. b4 Qd6 40. Ne6 Nd8 41. Nxd4
$18 Qf4 42. Nf3 Qd6 43. d4 Ne6 44. Re5 Nf4 45. Qc1 Ng6 46. Qc2 Qd7 47. Re1 Re6
48. Rxe6 Qxe6 49. a4 Qd5 50. a5 Nf4 51. a6 Qb5 52. a7 Qf1+ 53. Kh2 Nxg2 54.
Qxf5+ 1-0